[Event "XVII Festival Conca della Presolana Magistrale"]
[Site "Bratto - Castione della Presolana ITA"]
[Date "1997.08.??"]
[Round "4"]
[White "Caruso, Daniele"]
[Black "Di Lazzaro, Gabriele"]
[Result "1/2-1/2"]
[WhiteElo "2130"]
[BlackElo "2030"]
[PlyCount "126"]
[EventDate "1997.08.21"]

1. e4 g6 2. Nf3 Bg7 3. Bc4 d6 4. O-O Nf6 5. Nc3 O-O 6. d4 Nxe4 7. Nxe4 d5 8.
Bd3 dxe4 9. Bxe4 c6 10. h3 Be6 11. c3 Nd7 12. Bf4 Qa5 13. b4 Qh5 14. Ng5 Qxd1
15. Rfxd1 Bc4 16. Bd3 Bxd3 17. Rxd3 Nf6 18. Rad1 Nd5 19. Bd2 Rad8 20. Ne4 b6
21. a4 Rd7 22. g4 Rfd8 23. f4 e6 24. Rf3 Nxb4 25. cxb4 Rxd4 26. Re1 f5 27. Ng5
Rxd2 28. Nxe6 Rd1 29. Nxd8 Rxe1+ 30. Kf2 fxg4 31. Kxe1 gxf3 32. Nxc6 a5 33.
bxa5 bxa5 34. Kf2 Bc3 35. Kxf3 Kf7 36. Ke4 Ke6 37. Kd3 Be1 38. Kc4 Kd6 39. Kb5
Bd2 40. Nxa5 Bxf4 41. Nc4+ Kc7 42. Kc5 Kb7 43. Kd5 g5 44. Ke4 Bc1 45. Ne5 Ka6
46. Kf5 Ka5 47. Kg4 Kxa4 48. Nf7 Kb5 49. Nxg5 h6 50. Nf7 Kc6 51. Kh5 Kd7 52.
Nxh6 Ke7 53. Nf5+ Kf7 54. h4 Bd2 55. Kg4 Kg8 56. Nd6 Kh7 57. Ne4 Bh6 58. Kf5
Bf8 59. Nf6+ Kh6 60. Kg4 Bg7 61. Nd5 Bb2 62. h5 Bc1 63. Ne7 Bd2 1/2-1/2

[Event "XVII Festival Conca della Presolana Magistrale"]
[Site "Bratto - Castione della Presolana ITA"]
[Date "1997.08.??"]
[Round "4"]
[White "Castaldo, Folco"]
[Black "Bossi, Alessandro"]
[Result "1/2-1/2"]
[WhiteElo "2170"]
[BlackElo "2009"]
[PlyCount "168"]
[EventDate "1997.08.21"]

1. e4 e5 2. Nf3 Nc6 3. Bb5 g6 4. O-O Bg7 5. c3 d6 6. d4 Bd7 7. Be3 Nf6 8. d5
Ne7 9. Bxd7+ Qxd7 10. Qd3 h6 11. c4 b6 12. Nc3 Ng4 13. Bd2 f5 14. Ne1 a6 15. f3
Nf6 16. Be3 O-O 17. b4 fxe4 18. Nxe4 Nf5 19. Bf2 Nh5 20. Nc2 Nf4 21. Qd2 Qf7
22. Kh1 g5 23. g3 Nh3 24. Be3 Qg6 25. Rae1 g4 26. fxg4 Qxg4 27. Qg2 Ng5 28.
Bxg5 hxg5 29. h3 Nxg3+ 30. Nxg3 Qxc4 31. Qe4 Qxa2 32. Ne3 Rf4 33. Qg6 Rh4 34.
Qe6+ Kh8 35. Rf7 g4 36. Nef1 Rxh3+ 37. Kg1 Rg8 38. Qxg4 Rh7 39. Rf2 Qxd5 40.
Rd1 Qc6 41. Rh2 Bh6 42. Qe2 Qc3 43. Rd2 Qxb4 44. Qf2 Qg4 45. Kh1 Rf8 46. Qg2 e4
47. Rd5 Rff7 48. Rdh5 Bc1 49. Rxh7+ Rxh7 50. Rxh7+ Kxh7 51. Qc2 Qh3+ 52. Kg1
Be3+ 53. Nxe3 Qxg3+ 54. Ng2 d5 55. Qc6 Qd6 56. Qe8 Kg7 57. Qh5 Qc5+ 58. Kh2
Qd6+ 59. Kg1 Qg3 60. Qxd5 e3 61. Qd7+ Kf6 62. Qd8+ Ke6 63. Qe8+ Kd5 64. Qd7+
Kc5 65. Qf5+ Kd4 66. Qd7+ Kc3 67. Qa4 Qf2+ 68. Kh1 e2 69. Qa1+ Kb4 70. Qb1+ Kc5
71. Qc2+ Kd6 72. Qd3+ Kc6 73. Qe4+ Kd7 74. Qg4+ Kd8 75. Qg8+ Ke7 76. Qg7+ Ke6
77. Qg8+ Ke5 78. Qe8+ Kd6 79. Qg6+ Kd5 80. Qd3+ Ke5 81. Qc3+ Ke4 82. Qc6+ Kd3
83. Qd5+ Kc3 84. Qc6+ Kd3 1/2-1/2

[Event "XVII Festival Conca della Presolana Magistrale"]
[Site "Bratto - Castione della Presolana ITA"]
[Date "1997.08.??"]
[Round "4"]
[White "Cugini, Verter"]
[Black "Milocco, Franco"]
[Result "1-0"]
[WhiteElo "2215"]
[BlackElo "2365"]
[PlyCount "75"]
[EventDate "1997.08.21"]

1. e4 c5 2. g3 d5 3. exd5 Qxd5 4. Nf3 Bg4 5. Bg2 Qe6+ 6. Kf1 Nc6 7. h3 Bh5 8.
d3 Rd8 9. Be3 Qd6 10. Nbd2 Nd4 11. Ne4 Qc7 12. g4 Bg6 13. Nxc5 Nxc2 14. Qxc2
Bxd3+ 15. Qxd3 Rxd3 16. Nxd3 e5 17. Nfxe5 Bd6 18. Rc1 Qb8 19. Nc4 Ne7 20. Bxa7
Qxa7 21. Nxd6+ Kd7 22. Nxb7 Rb8 23. Ne5+ Ke8 24. Nd6+ Kf8 25. Nec4 Qxa2 26. Be4
Ng6 27. Bxg6 fxg6 28. Kg2 Rxb2 29. Nxb2 Qd5+ 30. Kg1 Qxd6 31. Nc4 Qf4 32. Ne3
h5 33. Rc4 Qf3 34. gxh5 gxh5 35. h4 Qb7 36. Rh3 Qb1+ 37. Kg2 Qb7+ 38. Rf3+ 1-0

[Event "XVII Festival Conca della Presolana Magistrale"]
[Site "Bratto - Castione della Presolana ITA"]
[Date "1997.08.??"]
[Round "4"]
[White "De Barberis, Massimo"]
[Black "Didoni, Renato"]
[Result "1-0"]
[WhiteElo "2110"]
[BlackElo "1984"]
[PlyCount "56"]
[EventDate "1997.08.21"]

1. e4 d6 2. d4 Nf6 3. Nc3 g6 4. Be3 Bg7 5. Qd2 Ng4 6. Bg5 h6 7. Bh4 Nc6 8. h3
Nf6 9. f4 Bd7 10. Nf3 a6 11. e5 Nh7 12. Bd3 O-O 13. O-O Be8 14. d5 Na7 15. Rae1
Nc8 16. f5 dxe5 17. Nxe5 g5 18. Bf2 Nf6 19. Bd4 Nxd5 20. Nxd5 Qxd5 21. Bc4 Qd6
22. f6 Bxf6 23. Rxf6 exf6 24. Ng6 Bc6 25. Nxf8 Kxf8 26. Qf2 b6 27. Bxf6 Qc5 28.
Bd4 Qd6 1-0

[Event "XVII Festival Conca della Presolana Magistrale"]
[Site "Bratto - Castione della Presolana ITA"]
[Date "1997.08.??"]
[Round "4"]
[White "Efimov, Igor"]
[Black "Klinova, Masha"]
[Result "1/2-1/2"]
[WhiteElo "2540"]
[BlackElo "2330"]
[PlyCount "66"]
[EventDate "1997.08.21"]

1. Nf3 d6 2. d4 Nf6 3. g3 g6 4. Bg2 Bg7 5. O-O O-O 6. a4 a5 7. Nbd2 Nbd7 8. e4
e5 9. Re1 exd4 10. Nxd4 Nc5 11. N2b3 Nxb3 12. Nxb3 Bg4 13. Qd3 Nd7 14. f4 Be6
15. Nd4 Nc5 16. Qd1 Bd7 17. b3 Re8 18. Bb2 Ne6 19. Nxe6 Rxe6 20. Bxg7 Kxg7 21.
e5 Bc6 22. Bxc6 bxc6 23. exd6 Rxe1+ 24. Qxe1 cxd6 25. Rd1 d5 26. Rd3 Qd6 27.
Kg2 d4 28. Qe5+ Qxe5 29. fxe5 c5 30. Kf3 Re8 31. Kf4 f6 32. exf6+ Kxf6 33. c3
g5+ 1/2-1/2

[Event "XVII Festival Conca della Presolana Magistrale"]
[Site "Bratto - Castione della Presolana ITA"]
[Date "1997.08.??"]
[Round "4"]
[White "Everet, Alexandro"]
[Black "Marchini, Massimo"]
[Result "1-0"]
[WhiteElo "2225"]
[BlackElo "2150"]
[PlyCount "75"]
[EventDate "1997.08.21"]

1. d4 Nf6 2. c4 g6 3. Nc3 Bg7 4. e4 d6 5. Bd3 c5 6. d5 O-O 7. Nge2 Na6 8. O-O
Nc7 9. h3 a6 10. Be3 Rb8 11. a4 Bd7 12. Qd2 b5 13. f4 bxc4 14. Bxc4 Rb4 15. b3
e6 16. e5 Nfxd5 17. exd6 Nxc3 18. Nxc3 Nd5 19. Bxd5 exd5 20. Nxd5 Rd4 21. Bxd4
Bxd4+ 22. Kh1 Be6 23. Ne7+ Kh8 24. Nc6 Qxd6 25. Nxd4 cxd4 26. Rab1 Rd8 27. Rfc1
Bd5 28. Qxd4+ Kg8 29. Qf2 Rb8 30. Rc3 Qf6 31. Qd2 Be6 32. b4 Bf5 33. Rb2 h5 34.
b5 Rd8 35. Qc1 axb5 36. axb5 Qd4 37. b6 Qa4 38. b7 1-0

[Event "XVII Festival Conca della Presolana Magistrale"]
[Site "Bratto - Castione della Presolana ITA"]
[Date "1997.08.??"]
[Round "4"]
[White "Ferretti, Folco"]
[Black "Scagliarini, Bruno"]
[Result "1-0"]
[WhiteElo "2285"]
[BlackElo "1974"]
[PlyCount "65"]
[EventDate "1997.08.21"]

1. e4 e6 2. d4 d5 3. Nd2 c5 4. Ngf3 Nc6 5. exd5 exd5 6. Bb5 Bd6 7. dxc5 Bxc5 8.
O-O Nge7 9. Nb3 Bd6 10. Re1 O-O 11. Bd3 Nb4 12. Be2 Nbc6 13. Bg5 f6 14. Bh4 Qc7
15. Bg3 Bxg3 16. hxg3 Rd8 17. c3 a6 18. Nbd4 Nxd4 19. Nxd4 Nc6 20. Rc1 Nxd4 21.
Qxd4 Bf5 22. Bf3 Kh8 23. Bxd5 Qa5 24. c4 Qxa2 25. Qb6 Qa4 26. Bxb7 Rab8 27. c5
Qb5 28. Qxb5 axb5 29. c6 Rf8 30. Rc5 Bc8 31. Rxb5 Bxb7 32. cxb7 h6 33. Rc1 1-0

[Event "XVII Festival Conca della Presolana Magistrale"]
[Site "Bratto - Castione della Presolana ITA"]
[Date "1997.08.??"]
[Round "4"]
[White "Godena, Michele"]
[Black "Farago, Ivan"]
[Result "1/2-1/2"]
[WhiteElo "2515"]
[BlackElo "2445"]
[PlyCount "60"]
[EventDate "1997.08.21"]

1. e4 e6 2. d4 d5 3. Nd2 c5 4. Ngf3 Nc6 5. exd5 exd5 6. Bb5 Bd6 7. dxc5 Bxc5 8.
O-O Nge7 9. Nb3 Bd6 10. Be3 O-O 11. Bd3 h6 12. h3 Nb4 13. Be2 Nf5 14. Bc5 Bxc5
15. Nxc5 Qc7 16. Nd3 Nc6 17. Qd2 Be6 18. Nf4 Rad8 19. Rfe1 Qb6 20. c3 d4 21.
Nxe6 fxe6 22. Qc2 Kh8 23. Bd3 Rf6 24. Bxf5 exf5 25. cxd4 Nxd4 26. Nxd4 Qxd4 27.
Rad1 Qb6 28. Rxd8+ Qxd8 29. Rd1 Qe7 30. Qd3 Kh7 1/2-1/2

[Event "XVII Festival Conca della Presolana Magistrale"]
[Site "Bratto - Castione della Presolana ITA"]
[Date "1997.08.??"]
[Round "4"]
[White "Grosar, Aljosa"]
[Black "Drazic, Sinisa"]
[Result "1/2-1/2"]
[WhiteElo "2455"]
[BlackElo "2445"]
[PlyCount "57"]
[EventDate "1997.08.21"]

1. e4 e6 2. d4 d5 3. e5 c5 4. c3 Nc6 5. Nf3 Bd7 6. Be2 Nge7 7. Na3 cxd4 8. cxd4
Nf5 9. Nc2 Nb4 10. O-O Nxc2 11. Qxc2 Qb6 12. Qd3 Rc8 13. g4 Ne7 14. Be3 h5 15.
h3 hxg4 16. hxg4 a6 17. Rfc1 Rxc1+ 18. Rxc1 Bb5 19. Qd2 Bxe2 20. Qxe2 Nc6 21.
Kg2 Be7 22. Rc3 Qa5 23. Qc2 Kd7 24. a3 Qd8 25. Rb3 Na5 26. Rc3 Nc6 27. Rb3 Na5
28. Rc3 Nc6 29. Rb3 1/2-1/2

[Event "XVII Festival Conca della Presolana Magistrale"]
[Site "Bratto - Castione della Presolana ITA"]
[Date "1997.08.??"]
[Round "4"]
[White "Grosar, Kiti"]
[Black "Ceresoli, Luigi"]
[Result "1-0"]
[WhiteElo "2190"]
[BlackElo "2053"]
[PlyCount "77"]
[EventDate "1997.08.21"]

1. e4 e5 2. Nf3 Nc6 3. d4 exd4 4. Nxd4 Bc5 5. Be3 Nxd4 6. Bxd4 Bxd4 7. Qxd4 Qf6
8. e5 Qb6 9. Qc3 Ne7 10. Bc4 O-O 11. O-O d5 12. exd6 Qxd6 13. Na3 Bf5 14. Rfe1
Ng6 15. Nb5 Qb6 16. a4 a6 17. a5 Qf6 18. Qxf6 gxf6 19. Nd4 Bd7 20. Bd5 c6 21.
Be4 Rfe8 22. g3 Re5 23. f4 Re7 24. Kf2 Kf8 25. h4 Rae8 26. Bd3 Rxe1 27. Rxe1
Rxe1 28. Kxe1 Ne7 29. Ke2 f5 30. Kd2 Ke8 31. Kc3 h6 32. Kc4 Kd8 33. Kc5 Kc7 34.
Bc4 Nc8 35. Bxf7 Nd6 36. Ne6+ Bxe6 37. Bxe6 Ne4+ 38. Kd4 Nxg3 39. Ke5 1-0

[Event "XVII Festival Conca della Presolana Magistrale"]
[Site "Bratto - Castione della Presolana ITA"]
[Date "1997.08.??"]
[Round "4"]
[White "Lantini, Marco"]
[Black "Sbarra, Marco"]
[Result "1/2-1/2"]
[WhiteElo "2190"]
[BlackElo "2280"]
[PlyCount "29"]
[EventDate "1997.08.21"]

1. e4 e5 2. Nf3 d6 3. d4 Nf6 4. Nc3 Nbd7 5. Bc4 Be7 6. dxe5 Nxe5 7. Nxe5 dxe5
8. Qxd8+ Bxd8 9. Be3 O-O 10. O-O c6 11. a4 Be7 12. f3 Nd7 13. Nd1 Re8 14. Nf2
Bc5 15. Rfe1 1/2-1/2

[Event "XVII Festival Conca della Presolana Magistrale"]
[Site "Bratto - Castione della Presolana ITA"]
[Date "1997.08.??"]
[Round "4"]
[White "Lovati, Paolo"]
[Black "Lapiccirella, Mattia"]
[Result "0-1"]
[WhiteElo "2135"]
[BlackElo "1930"]
[PlyCount "118"]
[EventDate "1997.08.21"]

1. d4 Nf6 2. Nf3 g6 3. g3 Bg7 4. Bg2 O-O 5. O-O d6 6. c4 Nbd7 7. Nc3 e5 8. d5
a5 9. Rb1 Nc5 10. Nh4 Ne8 11. e4 f5 12. exf5 gxf5 13. f4 e4 14. Be3 Bf6 15. Bd4
Ng7 16. Bxf6 Qxf6 17. Nb5 Qe7 18. b3 Nd3 19. Bh3 c6 20. Nc3 Qc7 21. Qd2 Qb6+
22. Kh1 Bd7 23. Nxe4 cxd5 24. Ng5 dxc4 25. bxc4 Bc6+ 26. Ngf3 Qd4 27. Bg2 Qxc4
28. Rbd1 Be4 29. Ne1 Nb2 30. Qd5+ Qxd5 31. Rxd5 Bxd5 32. Bxd5+ Kh8 33. Nef3 Nd3
34. Ng5 Ne8 35. Ne6 Rf6 36. a3 Nc5 37. Nd4 Ng7 38. Re1 Rb8 39. Re7 a4 40. Nhf3
Re8 41. Rxe8+ Nxe8 42. Nh4 Ng7 43. Kg2 Nb3 44. Nb5 Na5 45. h3 Nc6 46. Kf3 Nh5
47. Ng2 Kg7 48. Ne3 Kf8 49. Ba2 Ne7 50. Nc7 d5 51. Ncxd5 Nxd5 52. Nxd5 Rd6 53.
g4 Nf6 54. Ne3 Rd3 55. Be6 fxg4+ 56. hxg4 Rxa3 57. g5 Ke7 58. f5 Ng4 59. Kxg4
Rxe3 0-1

[Event "XVII Festival Conca della Presolana Magistrale"]
[Site "Bratto - Castione della Presolana ITA"]
[Date "1997.08.??"]
[Round "4"]
[White "Mariano, Elia"]
[Black "Barbafiera, Luigi"]
[Result "1-0"]
[WhiteElo "2145"]
[BlackElo "1900"]
[PlyCount "81"]
[EventDate "1997.08.21"]

1. d4 d5 2. c4 e6 3. Nc3 Nf6 4. Bg5 Be7 5. e3 Nbd7 6. Nf3 c6 7. Rc1 O-O 8. Bd3
Re8 9. O-O dxc4 10. Bxc4 Nd5 11. Bxe7 Qxe7 12. Ne4 N5f6 13. Ng3 h6 14. e4 Nb6
15. Bb3 Bd7 16. Qd3 Rad8 17. Bc2 Nh7 18. e5 Nf8 19. Ne4 Rb8 20. Nfd2 Nd5 21.
Qg3 Red8 22. Bb3 Ng6 23. Nd6 Ndf4 24. Rfe1 Qh4 25. Rc3 Qxg3 26. Rxg3 Nd5 27.
N2e4 Nde7 28. Bc2 Nc8 29. Rf3 Nxd6 30. Nxd6 Be8 31. Bxg6 fxg6 32. Ree3 g5 33.
Ra3 a6 34. Rfb3 Bg6 35. Kf1 Kf8 36. Ke2 Ke7 37. Ke3 Rxd6 38. exd6+ Kxd6 39.
Rxa6 Rf8 40. Rxb7 Rf4 41. f3 1-0

[Event "XVII Festival Conca della Presolana Magistrale"]
[Site "Bratto - Castione della Presolana ITA"]
[Date "1997.08.??"]
[Round "4"]
[White "Mascheroni, Maurizio"]
[Black "Volpinari, Danilo"]
[Result "1/2-1/2"]
[WhiteElo "1944"]
[BlackElo "2200"]
[PlyCount "39"]
[EventDate "1997.08.21"]

1. e4 c6 2. d4 d5 3. Nd2 dxe4 4. Nxe4 Nd7 5. Nf3 Ngf6 6. Ng3 e6 7. Bd3 Bd6 8.
O-O Qc7 9. c3 O-O 10. Re1 c5 11. Bg5 b6 12. Qe2 Bb7 13. Ne5 Be7 14. Rac1 Rad8
15. Ng4 Qc6 16. Ne4 Ba8 17. Bxf6 Nxf6 18. Nexf6+ Bxf6 19. Be4 Qxe4 20. Qxe4
1/2-1/2

[Event "XVII Festival Conca della Presolana Magistrale"]
[Site "Bratto - Castione della Presolana ITA"]
[Date "1997.08.??"]
[Round "4"]
[White "Mauro, Alan"]
[Black "Genocchio, Daniele"]
[Result "0-1"]
[WhiteElo "2275"]
[BlackElo "2215"]
[PlyCount "110"]
[EventDate "1997.08.21"]

1. e4 c5 2. Nf3 d6 3. d4 cxd4 4. Nxd4 Nf6 5. Nc3 g6 6. Bg5 Bg7 7. Bb5+ Bd7 8.
Qe2 O-O 9. O-O-O a6 10. Bxd7 Nbxd7 11. f4 Qc7 12. Rhe1 Nb6 13. Nb3 e6 14. Qf3
Rac8 15. Kb1 Nc4 16. Rd3 b5 17. Nd2 b4 18. Nxc4 Qxc4 19. b3 Qc5 20. e5 Nd5 21.
Nxd5 Qxc2+ 22. Ka1 exd5 23. Qxd5 Qf2 24. Red1 dxe5 25. fxe5 Rc5 26. Be3 Rxd5
27. Bxf2 Rxe5 28. Bd4 Re2 29. Bxg7 Kxg7 30. R1d2 Rfe8 31. Kb1 h5 32. Kc2 R8e5
33. Rd7 g5 34. R7d6 a5 35. Kd3 Rxd2+ 36. Kxd2 f6 37. Rd3 Kg6 38. Rf3 f5 39. Rf2
f4 40. h4 Kf5 41. hxg5 Kxg5 42. Kd3 Kg4 43. Kd4 Kg3 44. Rf3+ Kxg2 45. Rxf4 Rg5
46. Ke3 Re5+ 47. Kd4 Re8 48. Rh4 Rh8 49. Kc4 Kg3 50. Rd4 h4 51. Rd3+ Kg2 52.
Rd2+ Kf1 53. Rd7 h3 54. Rf7+ Ke2 55. Re7+ Kd2 0-1

[Event "XVII Festival Conca della Presolana Magistrale"]
[Site "Bratto - Castione della Presolana ITA"]
[Date "1997.08.??"]
[Round "4"]
[White "Mione, Dario"]
[Black "Zelcic, Robert"]
[Result "0-1"]
[WhiteElo "2295"]
[BlackElo "2530"]
[PlyCount "88"]
[EventDate "1997.08.21"]

1. e4 c5 2. Nf3 Nc6 3. d4 cxd4 4. Nxd4 Nf6 5. Nc3 d6 6. Bg5 Bd7 7. Qd2 a6 8.
Be2 e6 9. O-O-O Be7 10. h4 Rc8 11. Nxc6 Bxc6 12. Qd4 h6 13. Be3 e5 14. Qd3 Qc7
15. Kb1 O-O 16. g4 d5 17. g5 Nxe4 18. Nxe4 dxe4 19. Qc3 Ba4 20. Qxc7 Rxc7 21.
b3 Bc6 22. gxh6 g6 23. Rdg1 Kh7 24. h5 g5 25. Bxg5 Bxg5 26. Rxg5 f6 27. Rg3 e3
28. f3 f5 29. Rhg1 f4 30. Bd3+ e4 31. Rg7+ Rxg7 32. hxg7 Rg8 33. fxe4 Rxg7 34.
e5+ Kh6 35. Rg6+ Rxg6 36. hxg6 Be4 37. Kc1 Bxd3 38. cxd3 Kxg6 39. Kd1 f3 40.
Ke1 Kf5 41. d4 f2+ 42. Ke2 Kf4 43. e6 Kg3 44. e7 Kg2 0-1

[Event "XVII Festival Conca della Presolana Magistrale"]
[Site "Bratto - Castione della Presolana ITA"]
[Date "1997.08.??"]
[Round "4"]
[White "Moncelli, Giorgio"]
[Black "Menoni, Vincenzo"]
[Result "1/2-1/2"]
[WhiteElo "2195"]
[BlackElo "2270"]
[PlyCount "81"]
[EventDate "1997.08.21"]

1. e4 e6 2. d4 d5 3. Nd2 Nf6 4. e5 Nfd7 5. Bd3 c5 6. c3 Nc6 7. Ne2 cxd4 8. cxd4
f6 9. exf6 Nxf6 10. O-O Bd6 11. Nf3 Qc7 12. Nc3 a6 13. Bg5 O-O 14. Bh4 Nh5 15.
Bg3 Nxg3 16. hxg3 g6 17. Be2 Qg7 18. Na4 Bd7 19. Rc1 Rae8 20. Nc5 Bxc5 21. Rxc5
Rc8 22. Rc3 g5 23. Re1 Qf6 24. Bd3 Kh8 25. Bb1 Rfe8 26. Qd2 Rg8 27. Ne5 Rg7 28.
Rf3 Qe7 29. a3 Kg8 30. g4 Nxe5 31. Rxe5 Rf8 32. Rxf8+ Kxf8 33. Qe3 Qf6 34. g3
h6 35. Kg2 Rf7 36. Bc2 Kg7 37. Bd1 Kf8 38. Qd2 Kg7 39. Re1 Bb5 40. Qe3 Bd7 41.
Be2 1/2-1/2

[Event "XVII Festival Conca della Presolana Magistrale"]
[Site "Bratto - Castione della Presolana ITA"]
[Date "1997.08.??"]
[Round "4"]
[White "Nurkic, Sahbaz"]
[Black "Lanzani, Mario"]
[Result "1-0"]
[WhiteElo "2430"]
[BlackElo "2360"]
[PlyCount "71"]
[EventDate "1997.08.21"]

1. e4 e5 2. Nf3 Nc6 3. Bb5 f5 4. d3 fxe4 5. dxe4 Nf6 6. O-O d6 7. Nc3 Be7 8.
Bc4 Na5 9. Qd3 Nxc4 10. Qxc4 Qd7 11. Ng5 Bd8 12. f4 c6 13. fxe5 Bb6+ 14. Kh1
dxe5 15. Na4 Bd4 16. c3 b5 17. Qe2 bxa4 18. cxd4 a5 19. Rxf6 gxf6 20. Qh5+ Kf8
21. b3 fxg5 22. Bxg5 Ba6 23. Bh6+ Kg8 24. Qg5+ Kf7 25. Qg7+ Ke6 26. Qxe5+ Kf7
27. Qg7+ Ke6 28. d5+ cxd5 29. exd5+ Qxd5 30. Re1+ Kd6 31. Bf4+ Kc5 32. Qc3+ Kb6
33. Qc7+ Kb5 34. bxa4+ Kxa4 35. Qc2+ Ka3 36. Bd6+ 1-0

[Event "XVII Festival Conca della Presolana Magistrale"]
[Site "Bratto - Castione della Presolana ITA"]
[Date "1997.08.??"]
[Round "4"]
[White "Oppici, Gabriele"]
[Black "Di Fonzo, Valerio"]
[Result "0-1"]
[WhiteElo "2095"]
[BlackElo "2225"]
[PlyCount "80"]
[EventDate "1997.08.21"]

1. Nc3 d5 2. e4 dxe4 3. Nxe4 Nf6 4. Nxf6+ gxf6 5. Bc4 e6 6. d4 c6 7. Be3 Qa5+
8. c3 Na6 9. Ne2 Nc7 10. O-O Nd5 11. Bd2 Qc7 12. Ng3 h5 13. Ne4 Be7 14. Qf3 f5
15. Nc5 Bd7 16. Bxd5 cxd5 17. Bf4 Qb6 18. Nxd7 Kxd7 19. c4 dxc4 20. d5 Ke8 21.
Rfe1 Rd8 22. dxe6 fxe6 23. Qg3 Rd3 24. Qg6+ Kd7 25. Re2 Re8 26. Rae1 Bb4 27.
Rc1 Qd4 28. g3 Rd1+ 29. Kg2 Qd5+ 30. Kh3 Rxc1 31. Bxc1 Qd1 32. Qg7+ Re7 33. Qe5
Qxc1 34. Qb5+ Kd8 35. Re3 Bd6 36. Qa5+ b6 37. Qb5 Bc5 38. Rc3 Qf1+ 39. Kh4 Rg7
40. h3 Be7+ 0-1

[Event "XVII Festival Conca della Presolana Magistrale"]
[Site "Bratto - Castione della Presolana ITA"]
[Date "1997.08.??"]
[Round "4"]
[White "Profumo, Alberto"]
[Black "Ortega, Lexy"]
[Result "1/2-1/2"]
[WhiteElo "2250"]
[BlackElo "2470"]
[PlyCount "82"]
[EventDate "1997.08.21"]

1. Nf3 d5 2. g3 c6 3. Bg2 Bg4 4. O-O Nd7 5. d4 e6 6. Nbd2 f5 7. c4 Ngf6 8. Qb3
Qb6 9. Qxb6 axb6 10. cxd5 cxd5 11. Ng5 Ke7 12. f3 Bh5 13. e4 h6 14. Nh3 fxe4
15. fxe4 g5 16. exd5 exd5 17. Nf2 Bg7 18. Nf3 Rae8 19. Ne5 Kd8 20. Be3 Nxe5 21.
dxe5 Nd7 22. g4 Bg6 23. Rad1 Bxe5 24. Bd4 Rhf8 25. Bxe5 Kc8 26. Bxd5 Nxe5 27.
Bg2 Rf4 28. Rfe1 Nxg4 29. Rc1+ Kb8 30. Rxe8+ Bxe8 31. Nxg4 Rxg4 32. Kf2 Rd4 33.
Ke3 Rh4 34. h3 Bd7 35. Rh1 Kc7 36. Kf2 Rc4 37. Re1 Rc2+ 38. Re2 Rxe2+ 39. Kxe2
Bc6 40. Bxc6 bxc6 41. Kf3 h5 1/2-1/2

[Event "XVII Festival Conca della Presolana Magistrale"]
[Site "Bratto - Castione della Presolana ITA"]
[Date "1997.08.??"]
[Round "4"]
[White "Quagliarella, Sabino Remo"]
[Black "Mancini, Giustino"]
[Result "1-0"]
[WhiteElo "1892"]
[BlackElo "2060"]
[PlyCount "137"]
[EventDate "1997.08.21"]

1. d4 Nf6 2. Nf3 e6 3. Bf4 d5 4. e3 c5 5. c3 Nc6 6. Be2 Bd6 7. Bxd6 Qxd6 8.
dxc5 Qxc5 9. Nbd2 O-O 10. O-O b6 11. Qa4 Bb7 12. Qh4 Rad8 13. Nd4 e5 14. Nf5
Ne7 15. Nxe7+ Qxe7 16. Nf3 Rd6 17. Qg3 Re8 18. Qh4 Qd7 19. Rfd1 Ne4 20. c4 d4
21. exd4 exd4 22. Qf4 d3 23. Bxd3 Rxd3 24. Rxd3 Qxd3 25. Ne5 Qd8 26. Qxf7+ Kh8
27. Qxb7 Rxe5 28. Qxa7 Re7 29. Qa4 Nxf2 30. Rf1 Qf8 31. Qc2 Nh3+ 32. gxh3 Qc8
33. Qf2 Kg8 34. Qxb6 Re6 35. Qd4 Rg6+ 36. Kh1 Rg5 37. Qe4 Rc5 38. b3 Rc7 39.
Qd5+ Kh8 40. Rd1 h6 41. Qd8+ Qxd8 42. Rxd8+ Kh7 43. Rd2 Kg6 44. Kg2 Kf5 45. Kf3
Ra7 46. c5 Ke6 47. Ke3 Ra5 48. b4 Ra3+ 49. Ke2 Ra4 50. Rb2 Kd5 51. h4 Kc6 52.
h5 Ra3 53. Kf2 Rh3 54. Kg2 Rxh5 55. b5+ Kb7 56. Rc2 Rg5+ 57. Kf3 Rf5+ 58. Ke4
Rh5 59. c6+ Kc8 60. Rb2 Rc5 61. Kd4 Rc1 62. a4 Ra1 63. Rb4 Rc1 64. Rc4 Rh1 65.
Kc5 Rxh2 66. Rf4 g5 67. Rf7 Rd2 68. Kb6 Rd8 69. Ra7 1-0

[Event "XVII Festival Conca della Presolana Magistrale"]
[Site "Bratto - Castione della Presolana ITA"]
[Date "1997.08.??"]
[Round "4"]
[White "Ranieri, Fabrizio"]
[Black "Bosio, Devis"]
[Result "1/2-1/2"]
[WhiteElo "2200"]
[BlackElo "1951"]
[PlyCount "41"]
[EventDate "1997.08.21"]

1. e4 c6 2. d4 d5 3. exd5 cxd5 4. c4 Nf6 5. Nc3 Nc6 6. Bg5 e6 7. Nf3 Be7 8. c5
O-O 9. Bb5 Ne4 10. Bxe7 Nxe7 11. O-O Nxc3 12. bxc3 Qa5 13. Qb3 Qc7 14. Rab1 b6
15. cxb6 axb6 16. Rfc1 Ba6 17. c4 dxc4 18. Rxc4 Qb7 19. Bxa6 Rxa6 20. h3 h6 21.
Rbc1 1/2-1/2

[Event "XVII Festival Conca della Presolana Magistrale"]
[Site "Bratto - Castione della Presolana ITA"]
[Date "1997.08.??"]
[Round "4"]
[White "Sgorlon, Felice"]
[Black "Zoldan, Matteo"]
[Result "0-1"]
[WhiteElo "2031"]
[BlackElo "2100"]
[PlyCount "81"]
[EventDate "1997.08.21"]

1. c4 g6 2. Nf3 Bg7 3. d4 Nf6 4. Nc3 O-O 5. e4 d6 6. Be2 e5 7. O-O Na6 8. Re1
Qe8 9. Bf1 Bg4 10. d5 Nb4 11. Be2 a5 12. b3 Nh5 13. h3 Bd7 14. a3 Na6 15. Rb1
Nf4 16. Bf1 Qd8 17. Kh2 h6 18. g3 Nh5 19. b4 axb4 20. axb4 f5 21. Be3 Qf6 22.
Bg2 Qf7 23. Rf1 Nf6 24. Qc2 Rae8 25. Ne1 f4 26. Bd2 g5 27. gxf4 exf4 28. Ne2
Nxe4 29. Bxe4 Rxe4 30. Qxe4 Bf5 31. Qg2 Bxb1 32. Nc3 Bf5 33. Ne4 Qg6 34. f3 Re8
35. b5 Nb8 36. Bc3 Bxe4 37. Bxg7 Kxg7 38. fxe4 Rxe4 39. Qb2+ Qf6 40. Qc2 Qe5
41. Qf2 0-1

[Event "XVII Festival Conca della Presolana Magistrale"]
[Site "Bratto - Castione della Presolana ITA"]
[Date "1997.08.??"]
[Round "4"]
[White "Vita, Fabrizio"]
[Black "Pegoraro, Nicola"]
[Result "1/2-1/2"]
[WhiteElo "2013"]
[BlackElo "2115"]
[PlyCount "105"]
[EventDate "1997.08.21"]

1. c4 f5 2. g3 Nf6 3. Nf3 g6 4. Bg2 Bg7 5. O-O O-O 6. Nc3 d6 7. d3 e5 8. Rb1
Nh5 9. Bg5 Qd7 10. Bd2 h6 11. e3 c6 12. b4 Qf7 13. Qb3 g5 14. Ne1 Na6 15. b5
Nc5 16. Qd1 Bd7 17. bxc6 bxc6 18. Na4 Ne6 19. Rb7 g4 20. Bxc6 Nf6 21. Qb3 Ng5
22. Bg2 e4 23. Bc3 Bxa4 24. Rxf7 Bxb3 25. Rxf8+ Kxf8 26. axb3 Rb8 27. b4 Rc8
28. Bd4 a6 29. c5 Nd7 30. dxe4 fxe4 31. Nc2 dxc5 32. bxc5 Nxc5 33. Bxg7+ Kxg7
34. Nd4 Nd3 35. Nf5+ Kh7 36. Nd6 Ra8 37. Nxe4 Nf3+ 38. Bxf3 gxf3 39. Nd2 Ne5
40. Rb1 Kg6 41. Rb6+ Kf7 42. h3 a5 43. g4 a4 44. Kh2 a3 45. Nb3 a2 46. Na1 h5
47. Kg3 hxg4 48. hxg4 Ra4 49. Rb5 Rxg4+ 50. Kh3 Rg1 51. Nb3 Kf6 52. Rb6+ Kf5
53. Ra6 1/2-1/2